Copa do Mundo da FIFA de 1970 - Statistics

Estatísticas Gerais
  • Esse quiz foi jogado 167 vezes
  • A pontuação média é 11 de 16
Estatísticas das Respostas
Grupo Time % Correto
Grupo 3 Brasil
99%
Grupo 4 Alemanha Ocidental
95%
Grupo 2 Uruguai
95%
Grupo 1 México
91%
Grupo 2 Itália
89%
Grupo 3 Inglaterra
88%
Grupo 1 União Soviética
77%
Grupo 4 Peru
76%
Grupo 3 Tchecoslováquia
71%
Grupo 2 Suécia
68%
Grupo 3 Romênia
61%
Grupo 1 Bélgica
55%
Grupo 4 Bulgária
52%
Grupo 4 Marrocos
49%
Grupo 2 Israel
38%
Grupo 1 El Salvador
30%
Nenhum quiz correspondente encontrado
Distribuição das Pontuações
Porcentagem de Pessoas com Cada Pontuação
Percentil de Números Respondidos
Sua Pontuação Histórica
Você não jogou esse quiz